<?xml version="1.0" encoding="UTF-8"?>
<marc:record xmlns:marc="http://www.loc.gov/MARC21/slim">
   <marc:leader>00000nam a2200000 a 4500</marc:leader>
   <marc:datafield ind1="1" ind2=" " tag="100">
      <marc:subfield code="a">Giebken, Sabine</marc:subfield>
      <marc:subfield code="4">aut</marc:subfield>
      <marc:subfield code="e">Verfasser/-in</marc:subfield>
   </marc:datafield>
   <marc:datafield ind1="1" ind2=" " tag="100">
      <marc:subfield code="a">Goldschalt, Tobias</marc:subfield>
   </marc:datafield>
   <marc:datafield ind1=" " ind2=" " tag="653">
      <marc:subfield code="a">Erstlesealter, Vorschulalter</marc:subfield>
   </marc:datafield>
   <marc:datafield ind1="0" ind2="0" tag="245">
      <marc:subfield code="a">Der verschwundene Mustang</marc:subfield>
   </marc:datafield>
   <marc:datafield ind1="0" ind2="0" tag="245">
      <marc:subfield code="b">Durchstreife mit Mustang Luna die Prärie! - Eine abenteuerliche Pferdegeschichte zum Selberlesen ab 7 Jahren</marc:subfield>
   </marc:datafield>
   <marc:datafield ind1="0" ind2="0" tag="245">
      <marc:subfield code="c">Giebken, Sabine</marc:subfield>
   </marc:datafield>
   <marc:datafield ind1=" " ind2="1" tag="264">
      <marc:subfield code="a">Bindlach</marc:subfield>
      <marc:subfield code="b">Loewe</marc:subfield>
      <marc:subfield code="c">2024</marc:subfield>
   </marc:datafield>
   <marc:datafield ind1="1" ind2=" " tag="490">
      <marc:subfield code="a">Wildpferde - mutig und frei</marc:subfield>
      <marc:subfield code="v">4</marc:subfield>
   </marc:datafield>
   <marc:datafield ind1="1" ind2=" " tag="520">
      <marc:subfield code="a">Wo ist Ska? &#xD;
Lunas kleiner Bruder ist wie vom Erdboden verschluckt. Die Wildpferde müssen ihn unbedingt finden! In der Prärie lauern zu viele Gefahren für einen kleinen Hengst, der allein unterwegs ist. Doch alles Suchen bleibt erfolglos. Und die Zeit drängt: Das Futter wird immer knapper und die Herde muss weiterziehen. Wird Luna den jungen Mustang rechtzeitig finden? &#xD;
&#xD;
Begleite Luna und ihre Herde durch die Prärie &#xD;
&#xD;
Band 4 der spannenden Pferde-Reihe für Mädchen und Jungen&#xD;
Ein Abenteuer aus Sicht der Wildpferde geschrieben&#xD;
das perfekte Geschenk für pferdenärrische Erstleser*innen &#xD;
zum ersten Selberlesen für Kinder ab 7 Jahren&#xD;
großer Lesespaß und schneller Leseerfolg: atemberaubende Farbillustrationen auf jeder Doppelseite&#xD;
ausgewogenes Text-Bild-Verhältnis</marc:subfield>
   </marc:datafield>
   <marc:datafield ind1=" " ind2=" " tag="020">
      <marc:subfield code="a">9783743217973</marc:subfield>
      <marc:subfield code="9">9783743217973</marc:subfield>
   </marc:datafield>
   <marc:datafield ind1=" " ind2=" " tag="020">
      <marc:subfield code="a">374321797X</marc:subfield>
      <marc:subfield code="9">374321797X</marc:subfield>
   </marc:datafield>
   <marc:datafield ind1=" " ind2=" " tag="041">
      <marc:subfield code="a">ger</marc:subfield>
   </marc:datafield>
   <marc:datafield ind1="0" ind2=" " tag="490">
      <marc:subfield code="v">4</marc:subfield>
   </marc:datafield>
   <marc:datafield ind1=" " ind2=" " tag="338">
      <marc:subfield code="a">Band</marc:subfield>
   </marc:datafield>
   <marc:datafield ind1=" " ind2=" " tag="300">
      <marc:subfield code="a">80 Seiten</marc:subfield>
   </marc:datafield>
</marc:record>
